MDQL
is popping MORE tags! Check the
thread
!
Quizzes
Events
Quiz Creation
Community
Videos
Private Events
Remove Ads
Sign In
Join for FREE
Feedback
Dark Mode
Quiz Categories
Sports
Geography
Music
Movies
Television
Just For Fun
Miscellaneous
History
Literature
Language
Science
Gaming
Entertainment
Religion
Holiday
For Kids
Quiz Lab
Recent
Popular Today
Quiz Kudos Today
Editor Picks
Curator Picks
Quizzes by...
Day
Popularity
Type
Ratings
Length
Year
Community
Subscriptions
Recent Discussions
Orange Saloon
Badges
Playlists
Quests
Create
Leaderboards
Showdown
Live 5
Trivia Bingo
Activity
Puzzle Library
Sporcle Events
Private Events
Virtual Trivia
Globe League
Become a Host
Pub Owners
SporcleCon
Opinionation
Our Games
Videos
Blog
Mobile Apps
Partnerships
Remove Ads and Go Orange
Feedback
Movies
Disney
Marvel Cinematic Universe
Movie Resume
Movie Titles
Oscar
Actor
Actress
Director
Pixar
Role
Movie Quotes
Movie Characters
Box Office
Nominee
Best Picture
Star Wars
James Bond
Horror Movies
Movies
Disney
Marvel Cinematic Universe
Movie Resume
Movie Titles
Oscar
Actor
Actress
Director
Pixar
Role
Movie Quotes
Movie Characters
Box Office
Nominee
Best Picture
Star Wars
James Bond
Horror Movies
Random Quiz
Search Sporcle
×
Quiz Lab
Quiz Lab
Movies
old
Type in answers that appear in a list
Type in answers that appear in a list
Classic
Best Score? Go Orange.
Old School Movie Trivia Stats
Can you name the Old School Movie Trivia?
By
Wonderspot
10m
20 Questions
742 Plays
742 Plays
742 Plays
Comments
Comments
Give Quiz Kudos
Give Quiz Kudos
-
- Ratings
hide this ad
Replay
Link that replays current quiz
Next Quiz
Link to next quiz in quiz playlist
You Got
0%
They Got
Avg Score
66%
Avg Friend Score
Upgrade to see
Score Distribution
Jump to the score distribution portion of the page
Score
0/20
Timer
10:00
0
Plays Today
What do you remember?
The answer is...
% Correct
What is Mitch's girlfriend watching on tv when he gets home?
porn
88.1%
Who played Mitch?
Luke Wilson
87.5%
Who is Frank's 'boy'?
Blue
87.3%
Who played Frank?
Will Ferrell
86.1%
Who played Bernard?
Vince Vaughn
83.4%
Who plays at Mitch-
A-
Palooza?
Snoop Dogg
82.9%
What is Mitch's nickname?
Godfather
78%
What is Frank's nickname?
Tank
77.9%
What fast food joint does Frank wonder if it's still open after streaking?
KFC
76.1%
What does Bernard want to put 'wall to wall' of in Mitch's house?
Sand
73.7%
What do you remember?
The answer is...
% Correct
What is Dean Pritchard's childhood nickname?
Cheese
73.5%
What business does Bernard own?
Speaker City
70.9%
What song does Frank sing at the funeral?
Dust in the Wind
69.4%
What two stores does Frank plan on going to Saturday morning?
Home Depot and Bed Bath & Beyond
56.6%
From what city does Mitch catch an early flight home from?
San Diego
55.1%
What song does the Dan Band play (and makes it nasty) at the wedding reception?
Total Eclipse of the Heart
47.7%
Where is the 'sunshine state' that Mitch refers to?
Denver
45%
What is the nickname of Frank's car?
Red Dragon
40.8%
What actor runs the petting zoo at the birthday party?
Seann William Scott
34%
What is the name of the University?
Harrison
22.1%
Quiz Playlist
Details
Report
Send in Message
Add To Playlist
Classic:
Type in answers that appear in a list
Last Updated: Feb 16, 2017
Quiz Scoreboard
CHALLENGE
Sign Up to Join the Scoreboard
Show All
Scores
Hide
Comments
May contain spoilers
Recently Published
1-10 Letter E Words III
by El_Dandy
Language
2m
Street Fighter Characters
by Artimus82
Gaming
60s
College Basketball Coaching Resumes
by pancakes188
Sports
9m
More to Explore
Quiz From the Vault
Featured Blog Post
Where Did the Easter Bunny Come From?
hide this ad
You Might Also Like...
Tags
old
Old School
Remember
school
Today's Top Quizzes in Movies
Browse Movies
hide this ad
Today's Top Quizzes in old
Browse old
Top Contributed Quizzes in Movies
1
Pick 5 Posters: Directed by Spielberg
2
7-to-1: Pixar Characters
3
Hidden Star Wars Character II
4
Hidden Star Wars Character III
5
Pick 5 Posters: Lowest-Rated Spielberg
6
Hidden Star Wars Character IV
7
Sorting Actresses
8
Sorting Actors
9
Hidden Star Wars Character V
10
Pick 5 Posters: Directed by Scorsese
Explore More
Trending Topics
Kpop
NBA
Crossword
Disney
Harry Potter
Anime
Marvel
WWE
Pokémon
Country
Song
Puzzle
NFL
Soccer
The Office
hide this ad
More By:
Wonderspot
Quiz
Plays
Rating
Category
Featured
Created
Old School Movie Trivia
742
5.00
Movies
Mar 8, 2011
'State' Football Teams
433
4.00
Sports
Sep 3, 2011
What About Bob Quotes
284
5.00
Movies
Mar 8, 2011
Plains, Trains and Automobiles Quotes
64
5.00
Movies
Mar 8, 2011
Words that start with co-
30
3.50
Just For Fun
Aug 4, 2011
Go to Creator's Profile
Score Distribution
Quiz Creator Spotlight
Wonderspot
Follow
Send a Message
Quizzes Created
-
Created Quiz Play Count
-
More By This Creator
Popular Quizzes Today
1
Find the US States - No Outlines Minefield
2
Find the Countries of Europe - No Outlines Minefield
3
The Countries of the World
4
Find the US States
5
Risky Map Clicking: Biggest States A-Z
6
US States
7
Popular People in 1961
8
Movies - When Are They Set?
More Movies Quizzes
Harry Potter Locations
Published
Trending Quizzes
Risky Map Clicking: Least Populous States A-Z
1-10 Letter G Words
1-10 Letter F Words
Countries of the World: 200 Million BC
Risky Map Clicking: Next State Alphabetically
Recently Updated
Most Oscar Losses (Acting)
pecheneg
Beyoncé Albums
pecheneg
Leaping Animals
pecheneg
Reality TV Shows (A-Z)
bhenderson79
Rickey Henderson's Hall of Fame Teammates
pecheneg
Champions League XIs: Arsenal
pecheneg
Quick Pick: Celebrities in WWE's Hall of Fame
aduchscher
A-Z Keypad Blitz II
pecheneg
Multiple Oscar Actors
pecheneg
Mystery Phrase Blitz: Oscar 'Best Actors'
pecheneg
Trending Topics
Disney
Crossword
Kpop
NBA
Marvel
Anime
Harry Potter
Pokémon
Song
Puzzle
The Office
Country
NFL
WWE
Soccer
Your Account Isn't Verified!
In order to create a playlist on Sporcle, you need to verify the email address you used during registration. Go to your
Sporcle Settings
to finish the process.
Report this User
Report this user for behavior that violates our
Community Guidelines
.
Details:
Send Report
Go to the Sporcle.com Mobile Site →
Comments